00632cam a22001931 450000100060000000300080000600500170001400800390003103500190007003500190008904000230010804100080013108200220013910000220016124501160018326000330029930000620033265100440039426107BD-RjUL20211209050955.0140320s1859 enkef 000 0 eng a(BD-RjUL)26177 a(OCoLC)6131841 aDLCcOCldDLCbeng aeng a954.082bTHS 18591 aThomson, Mowbray.04aThe story of Cawnpore /cBy Capt. Mowbray Thomson ... one of the only two survivors from the Cawnpore garrison. aLondon :bR. Bentley,c1859. axii, [13]-262 p. :bfront., plates, fold. plan. ;c20 cm. 0aKānpur (India)xHistoryySiege, 1857.